LEADER 01304nam a2200265 4500 001 000000344116 003 CaOOAMICUS 005 20251230120801.0 008 210202s1962 it 000 u lat r 040 $aSeMil$bita 100 1 $aAntonelli, Francesco,$c.$0(OLS)http://semarc/name/112958 240 12$aL'inquisizione medico-legale sui miracoli nelle cause di beatificazione e canonizzazione.$0(OLS)http://semarc/title/433195 245 10$aDe inquisitione medico-legali super miraculis in causis beatificationis et canonizationis /$cp. Franciscus Antonelli. 264 1$aRomae :$bPontificium Athenaeum Antonianum,$c1962. 300 $aXXXVI, 234 p. ;$c24 cm 490 1 $aStudia Antoniana ;$v18 650 4$aCanonizzazione - Procedura.$0(OLS)http://semarc/subject/11116 830 0$aStudia Antoniana ;$v18.$0(OLS)http://semarc/title/9060 850 $aSeMil 852 $aSeMil$W1$xVenegono$y1$m2G II 228$j224106$B235154$CSeMilBibl$Z2$F235154 $81 941 1 $a8 961 $aFondo mons. Pasquale Macchi 996 $6245$aDe inquisitione medico-legali super miraculis in causis beatificationis et canonizationis$9(OLS)http://semarc/title/433194 996 $6264$aRomae :$bPontificium Athenaeum Antonianum$9(OLS)http://semarc/publisher/30296 LEADER 01235nam a2200289 i 4500 001 000000034081 003 CaOOAMICUS 005 20200225103421.0 008 101130s1988 it u000 u ita u 013 $a236 020 $a88-7610-261-2 040 $aSeMil$bita 100 1 $aDonghi, Antonio.$0(OLS)http://semarc/name/15540 245 10$aA lode della sua gloria :$bil mistero della liturgia /$cAntonio Donghi. 260 $aMilano :$bÀncora,$c1988. 300 $a201 p. ;$c19 cm. 490 0 $aPiccola biblioteca di scienze religiose ;$v2. Parte 6. Culto e liturgia 650 4$aTeologia liturgica.$0(OLS)http://semarc/subject/5466 650 4$aLiturgia.$0(OLS)http://semarc/subject/1618 830 0$aPiccola biblioteca di scienze religiose ;$v2. Parte 6. Culto e liturgia.$0(OLS)http://semarc/title/10490 850 $aSeMil 852 $aSeMil$W1$xVenegono$y1$m3K II 399$j236$B236$CSeMilBibl$Z2$F236 $81 961 $aAcquisto: Centro Vendite Curia 996 $6020$a88-7610-261-2$9(OLS)http://semarc/number/1708 996 $6245$aA lode della sua gloria :$bil mistero della liturgia$9(OLS)http://semarc/title/45900 996 $6260$aMilano :$bÀncora$9(OLS)http://semarc/publisher/29763